Call Of Duty Black Ops 2 Maps - Statistiques

Statistiques générales
  • Ce quiz a été pris 2 577 fois
  • Le résultat moyen est 8 sur 15
Statistiques - réponses
Hint Réponse % Correct
0 Nuketown
92%
0 Hijacked
79%
0 Raid
78%
0 Standoff
73%
0 Slums
59%
0 Yemen
50%
0 Aftermath
48%
0 Plaza
46%
0 Turbine
45%
0 Carrier
42%
0 Express
41%
0 Cargo
40%
0 Drone
35%
0 Overflow
25%
0 Meltown
11%
Aucun quiz correspondant
Distribution des résultats
% des personnes avec chaque résultat
Percentile par nombre de réponses
Votre historique - résultats
Vous n’avez pas pris ce quiz